000 00617nam a22001937a 4500
005 20141128120146.0
010 _aENG-111273
020 _a9789382400110
_c300.00
035 _aEN-94805
037 _bDBAD/PUB
082 _a910.91693
100 _aVegad, Amritlal
245 _aNarmada :
_cby Amritlal Vegad ; translated from the original in Hindi by Marietta Maddrell
_briver of joy /
260 _aIndore
_bBanyan Tree
_c2014
270 _a1-B Dhenu Market, 2nd Floor
_bIndore
_e452003
300 _a220p. :
_c23cm(pbk)
_bill.
700 _aMaddrell,Marietta
942 _2ddc
_cEN
_mVEG
_h910.91693
999 _c90121
_d90121